| 000 | 00524nam a2200181Ia 4500 | ||
|---|---|---|---|
| 999 |
_c36782 _d36782 |
||
| 003 | OSt | ||
| 005 | 20201215125029.0 | ||
| 008 | 190216s9999||||xx |||||||||||||| ||und|| | ||
| 020 | _a9788126411627 | ||
| 040 | _coclc | ||
| 082 |
_a894.8128 _bCHI/M |
||
| 100 |
_aChitharanjan, V _97523 |
||
| 245 | 0 |
_aMashthishkam Ningalude Niyanthranathil / _cV Chitharanjan |
|
| 260 |
_bDc Books, _aKottayam: _c2006. |
||
| 300 | _a114p | ||
| 650 | _aMalayalam | ||
| 942 |
_cREF _2ddc _h894.8128 _iCHI/M _k894.8128 _mCHI/M |
||